| 000 | 01142nam a22002537a 4500 | ||
|---|---|---|---|
| 999 |
_c1772 _d1772 |
||
| 003 | AR-CdUCM | ||
| 008 | 190227b ||||| |||| 00| 0 spa d | ||
| 020 | _a9972463907 | ||
| 040 |
_aMUNICIPALIDAD PROVINCIAL DEL CUSCO _cBIBLIOTECA MUNICIPAL DEL CUSCO |
||
| 082 |
_a985.612 / _bB94 |
||
| 100 |
_aBurga, Manuel (Coordinador) _96506 |
||
| 245 |
_aChoquequirao : _bsímbolo de la resistencia andina (historia, antropología y linguística) / |
||
| 260 |
_aLima : _bUNMSM, Fondo editorial : _bFondo Contravalor Perú-Francia : _bInstituto Francés de Estudios Andinos, _c2008. |
||
| 300 |
_a228 páginas ; _c28.5 cm. |
||
| 505 | _aVarias geografías en una región -- La resistencia de Vilcabamba: de la historia al mito -- Un nuevo símbolo nacional: olvido, encuentro, recuperación y realidad -- Anexos -- Etnias amazónicas en Vilcabamba (siglo XVI al XX) ... | ||
| 700 |
_aMeza Bazán, Mario _96507 |
||
| 700 |
_aRamírez Ponce, Abdie _96508 |
||
| 700 |
_aCortez, Eunice _96509 |
||
| 700 |
_aCruz, Carlos de la _96510 |
||
| 700 |
_aAmado, Donato _96511 |
||
| 710 |
_aIFEA _96512 |
||
| 942 |
_2ddc _cLIBROS |
||
| 945 |
_alccs _d2019-02-27 |
||